000 00230nam a2200097Ia 4500
001 691141
005 20250826161829.0
008 250824s9999 xx 000 0 und d
245 0 _aKUDUZ AŞISI
_cALİ URAL
260 _bŞULE YAYINLARI
999 _c691141
_d691141